This is my house. / (Record no. 112570)
[ view plain ]
| 000 -LEADER | |
|---|---|
| fixed length control field | 00528nam a2200133 a 4500 |
| 005 - DATE AND TIME OF LATEST TRANSACTION | |
| control field | 20140414131940.0 |
| 008 - FIXED-LENGTH DATA ELEMENTS--GENERAL INFORMATION | |
| fixed length control field | 110126s19uu xx 00 eng d |
| 050 ## - LIBRARY OF CONGRESS CALL NUMBER | |
| Classification number | TR 728 |
| Item number | D65 1992 |
| 100 ## - MAIN ENTRY--PERSONAL NAME | |
| Personal name | Dorros, Arthur |
| 245 ## - TITLE STATEMENT | |
| Title | This is my house. / |
| Statement of responsibility, etc | written and illustrated by Arthur Dorros. |
| 520 ## - SUMMARY, ETC. | |
| Summary, etc | Text and illustrations depict the different types of houses lived in by children all over the world. On each page "This is my house" will appear in the appropriate native language. |
| 650 ## - SUBJECT ADDED ENTRY--TOPICAL TERM | |
| Topical term or geographic name as entry element | Dwellings. |
| Withdrawn status | Lost status | Damaged status | Home library | Current library | Shelving location | Date acquired | Total Checkouts | Full call number | Barcode | Date last seen | Price effective from | Koha item type |
|---|---|---|---|---|---|---|---|---|---|---|---|---|
| Munich Library | Munich Library | Teachers Reference Section | 01/26/2011 | TR 728 D65 1992 | M3910 | 04/14/2014 | 04/14/2014 | Books |